Sculpting a middle class: (Record no. 40403)

MARC details
000 -LEADER
fixed length control field 01185nam a22002657a 4500
010 ## - LCCN (DPL NO)
LC control number ENG-99084 B-423810
020 ## - INTERNATIONAL STANDARD BOOK NUMBER
Terms of availability 695.00
International Standard Book Number 9780415563109
035 ## - SYSTEM CONTROL NUMBER
System control number EN-82616
035 ## - SYSTEM CONTROL NUMBER
System control number B-423810
037 ## - SOURCE OF ACQUISITION
Source of stock number/acquisition DBAD / PUB
037 ## - SOURCE OF ACQUISITION
Source of stock number/acquisition Allied Publishers
082 ## - DEWEY DECIMAL CLASSIFICATION NUMBER
Classification number S
100 ## - MAIN ENTRY--PERSONAL NAME
Personal name Sreenivas, Deepa
245 ## - TITLE STATEMENT
Title Sculpting a middle class:
Statement of responsibility, etc by Deepa Sreenivas
Remainder of title history, masculinity and the Amar Chitra Katha in India /
260 ## - PUBLICATION, DISTRIBUTION, ETC. (IMPRINT)
Place of publication, distribution, etc New Delhi
Name of publisher, distributor, etc Routledge
Date of publication, distribution, etc 2010
270 ## - ADDRESS
City New Delhi
Postal code 110001
Address 912-915 tolstoy house, 15-17 Tolstoy Marg,
300 ## - PHYSICAL DESCRIPTION
Extent x, 209p.
Dimensions 23cm (Hb)
500 ## - GENERAL NOTE
General note Includes biblioghraphical references and index
600 ## - SUBJECT ADDED ENTRY--PERSONAL NAME
Personal name Baba Visakha Singh
General subdivision Biography.
700 ## - ADDED ENTRY--PERSONAL NAME
9 (RLIN) 6162
942 ## - ADDED ENTRY ELEMENTS (KOHA)
Source of classification or shelving scheme Dewey Decimal Classification
Item type English Books
Call number suffix SRE
Classification part S
Holdings
Withdrawn status Lost status Not for loan Collection code Home library Current library Date acquired Source of acquisition Cost, normal purchase price Full call number Barcode Copy number Cost, replacement price Koha item type
      Fiction Central Library Central Library 11/08/2011 Allied Publishers/CR/0002704/17.3.11/75/4.3.11/17.3.11 695.00 S SRE B-423810 1 695.00 English Books
    Not For Loan Fiction D.B.Act.Division D.B.Act.Division 09/08/2010 DBAD/PUB 695.00 SRE EN-82616 1 695.00 English Books

© Delhi Public Library
Hit Counter
free hit counter